000 00690cam a22001932 4500
001 0000023418
005 20151217161556.0
008 121127s xx 000 0 eng d
040 _aKABU
_cKABU
100 1 _aTaragon, Geoffrey.
_@0000182801
245 1 0 _aUtilisation of micro finance institutions funds by borrowers in arid and semi-arid lands in Kenya :
_ba survey of Maralal town.
260 _aNakuru :
_bKabarak University,
_c2012.
300 _axi, 39 leaves +
_e1 CD-ROM.
502 _aThesis (MBA) - Kabarak University, 2012.
650 0 _aMicrofinance
_zKenya.
_@0000182793
908 _a121127
950 _@1
999 _c15357
_d15357